| 000 | 02332njm0a2200505 4500 | ||
|---|---|---|---|
| 001 | RU\NLR\ONIZ\224779 | ||
| 005 | 20250708192921.0 | ||
| 035 | _a(NLR Aleph) 011903841 | ||
| 035 | _aRU\NLR\ONIZ\GALA\5000033978\20181226104434 | ||
| 071 | 0 | 0 | _a053150 |
| 090 |
_a13283793 _c13283793 |
||
| 100 | _a20181226f19001999|||y0rusy50 ca | ||
| 102 | _aRU | ||
| 126 |
_aaduxexu ux _bxxx |
||
| 127 | _a000008 | ||
| 135 | _ahonoannnanndn | ||
| 200 | 1 |
_aBell Song _bЗвукозапись _e("Lakme") _f[L.] Delibes _gисполн.: M-me [L.] Tetrazzini, soprano, Orc., cond. Mr. P. Pitt (London) |
|
| 210 |
_aS. l. _cGramophone Monarch Record _d[19--] |
||
| 215 | _a1 грп. (08 мин): 78 об/мин, моно; 30 см, в конв. | ||
| 300 | _a(грп. односторонняя) | ||
| 325 | _aКопия доступна в электронной библиотеке РНБ | ||
| 500 | 0 | 0 |
_aЛакме _iАрия с колокольчиками _bЗвукозапись _lопера _rколорат. сопрано и оркестр |
| 606 | 1 |
_aОперные певцы зарубежные _xЗвукозапись _yИталия _z20 в. нач. _2nlr_sh |
|
| 686 |
_aЩ943.1-071(4Фр) _vLBC/SL _2rubbk |
||
| 700 | 1 |
_9z06790 _aДелиб _bК. Ф. Л. _f1836-1891 _gКлеман Филибер Лео _4230 _7ca |
|
| 702 | 1 |
_9z04790 _aТетраццини _bЛ. _f1871-1940 _gЛуиза _4590 _4vso _7ca |
|
| 702 | 1 |
_9z05790 _aПитт _bП. _f1870-1932 _gПерси _4250 _7ca |
|
| 790 | 1 |
_9z04702 _aTetrazzini _bL. _f1871-1940 _gLuisa _4590 _4vso _7ba |
|
| 790 | 1 |
_9z05702 _aPitt _bP. _f1870-1932 _gPercy _4250 _7ba |
|
| 790 | 1 |
_9z06700 _aDelibes _bC. Ph. L. _f1836-1891 _gClément Philibert Léo _4230 _7ba |
|
| 801 | 0 |
_aRU _bNLR _c20181226 _gPSBO |
|
| 801 | 1 |
_aRU _bNLR _c20181226 _2rusmarc |
|
| 801 | 2 |
_aRU _bNLR _c20181226 |
|
| 852 |
_aNLR _bМг _j3к/2945 _p16993 _t1 |
||
| 856 | 0 | _uhttps://vivaldi.nlr.ru/mk000000678/view | |
| 856 | 1 | _uhttps://vivaldi.nlr.ru/mk000000678/cover | |
| 856 | 2 | _uhttps://vivaldi.nlr.ru/mk000000678/text | |
| 942 | _cREC | ||
| 980 | _aNB | ||
| 980 | _aONIZ | ||
| 981 | 2 | 4 |
_a(24) Нотные издания и аудиозаписи _b(24) Грампластинки |